000 00430nam a2200157Ia 4500
008 240729s9999 xx 000 0 und d
022 _a2589-7373
245 4 _aThe Saint's International Dental Journal
260 _aIndia
260 _bWolters Kluwer Medknow Publications
650 _a Dentistry
650 _aMedicine
856 _uhttps://doaj.org/toc/215d920522bc48bcb09bdb94d065e8ab
942 _2ddc
942 _cDOAJEJ
999 _c69993
_d69993
945 _a1
_bMadushi Gamage
_c1
_dMadushi Gamage